Giovanni Boccaccio /

Bibliographic Details
Main Author: Serafini-Sauli, Judith Powers
Format: Book
Language:English
Published: Boston : Twayne Publishers, [1982]
Series:Twayne's world authors series ; TWAS 644.
Subjects:

MARC

Tag First Indicator Second Indicator Subfields
LEADER 00000pam a2200000 a 4500
001 in00000090269
005 20151008065650.0
008 820108s1982 mauc b 00110 eng
010 |a  81023776  
020 |a 0805764879 
035 |a (OCoLC)08115257 
035 |9 AAK6358AM 
039 0 |a 2  |b 3  |c 3  |d 3  |e 3 
040 |a DLC  |c DLC  |d TXA  |d UtOrBLW 
049 |a TXAM  |c [388613] 
050 0 0 |a PQ4277  |b  S4 1982 
082 0 |a 858/.109  |2 19 
100 1 |a Serafini-Sauli, Judith Powers. 
245 1 0 |a Giovanni Boccaccio /  |c by Judith Powers Serafini-Sauli. 
264 1 |a Boston :  |b Twayne Publishers,  |c [1982] 
264 4 |c ©1982 
300 |a 173 pages :  |b portrait ;  |c 21 cm. 
336 |a text  |b txt  |2 rdacontent 
337 |a unmediated  |b n  |2 rdamedia 
338 |a volume  |b nc  |2 rdacarrier 
490 1 |a Twayne's world authors series ;  |v TWAS 644 
500 |a Includes index. 
504 |a Bibliography: pages 151-156. 
600 1 0 |a Boccaccio, Giovanni,  |d 1313-1375  |x Criticism and interpretation. 
830 0 |a Twayne's world authors series ;  |v TWAS 644. 
999 |a MARS 
999 f f |s 026563e3-4d69-3af5-9d45-69d7eb4e2034  |i 75625668-e257-3097-9b18-74cf6b550d7d  |t 0 
952 f f |p ric  |a Texas A&M University  |b Rellis Campus  |c Joint Library Facility  |d Remote Storage  |t 0  |e PQ4277 S4 1982  |h Library of Congress classification  |i unmediated -- volume  |m A14805992479 
998 f f |a PQ4277 S4 1982  |t 0  |l Remote Storage